Řetězy.

Uložené v:
Podrobná bibliografia
Médium: Kniha
Jazyk:Slovak
Czech
Vydané: [2014].
Vydanie:1. vyd.
Témy:
On-line prístup:http://www.tedox.cz
Fyzický popis: 87 s.
Tagy: Pridať tag
Žiadne tagy, Buďte prvý kto otaguje tento záznam!

MARC

LEADER 00000nam#a22000003a#4500
001 000453003
003 SVKKK
005 20140529104726.0
008 130716s2014 xo |||| 0 slo#d
040 |a SVKKK  |b slo  |c SVKKK  |e AACR2 
041 0 # |a cze 
044 |a xr  |c CZ 
080 |a 672.6  |2 2001 
110 2 |a TEDOX s. r. o.  |c Blatenská 59, 262 72 Březnice, ČR  |4 mfr 
245 1 0 |a Řetězy. 
250 |a 1. vyd. 
260 # |c [2014]. 
300 |a 87 s. 
655 7 |a firemné katalógy  |2 SNKPH 
856 4 1 |u http://www.tedox.cz 
910 |a svkkk 
998 |a FL 
090 |g SCKHL  |k SK42  |a 672.6  |j 228790  |i 453003-10  |4 zastaraná  |s Vyradená